| 000 | 02045cam a22004574i 4500 | ||
|---|---|---|---|
| 003 | PE-LiUPU | ||
| 005 | 20250731172721.0 | ||
| 008 | 150617s1952 ag r 000 0 spa d | ||
| 035 | _a(Sirsi) a11078 | ||
| 040 |
_aPE-LiUPU _bspa _cPE-LiUPU _erda |
||
| 049 | _aPRUA | ||
| 082 | 0 | 4 |
_a230 _bS12 _221 |
| 100 | 1 |
_aSabatier, Augusto, _eautor. |
|
| 245 | 1 | 4 |
_aLas religiones de autoridad y la religión del Espíritu / _cAugusto Sabatier. |
| 264 | 1 |
_aBuenos Aires : _bEditorial "La Aurora", _c1952. |
|
| 300 |
_a334 páginas ; _c23 centímetros |
||
| 336 |
_atext _2rdacontent |
||
| 337 |
_aunmediated _2rdamedia |
||
| 338 |
_avolume _2rdacarrier |
||
| 505 | 0 | _aLa definición del dogma -- La iglesia -- La tradición -- El episcopado -- El papado -- El protestantismo primitivo -- La infabilidad de la Biblia -- La disolución progersiva del dogma -- La autoridad de la Biblia en el siglo XIX -- ¿Qué es la Biblia? -- Tránsito de las religiones de autoridad a las religiones del espíritu -- Jesucristo fundador de la religión del espíritu -- El nuevo testamento, cara de la religión del espíritu -- El contenido de la religión del espíritu -- La teología científica, su materia y su método -- La organización de la doctrina cristiana. | |
| 526 | _aSEG42 | ||
| 526 | _aSEG41 | ||
| 526 | _aSEG40 | ||
| 526 | _aSEG39 | ||
| 526 | _aP94 | ||
| 526 | _aP87 | ||
| 526 | _aP86 | ||
| 526 | _aP85 | ||
| 526 | _aP77 | ||
| 526 | _aP76 | ||
| 526 | _aP35 | ||
| 650 | 0 | 4 |
_aIglesia _xDogmas. |
| 910 |
_ajck _bjvq _cjck _d20150616 |
||
| 910 |
_adbm _bncf _cncf _d20190617 |
||
| 942 |
_2ddc _cBOOK |
||
| 949 |
_a230 S12 _wDEWEY _c1 _i11733 _lCCODEBUL1 _mBUL _p00.00 _r0 _sY _tBOOK _u2015-04-21 _xTEOLOGIA _PP35 _0COMPRA _o.STAFF. Colección Teología |
||
| 994 |
_aC0 _bPEPRU |
||
| 596 | _a1 | ||
| 999 |
_a230 S12 _wDEWEY _c1190 _i11733 _f2021-11-11 _g3 _lCCODEBUL1 _mBUL _p20.00 _r0 _sY _tBOOK _u2015-4-21 _xTEOLOGIA _PP35 _0COMPRA _o.STAFF. Colección Teología _d1190 |
||
| 980 |
_81 _gALBERTO SANCHEZ Responsable de Automatización |
||